000 00583nam a2200193 a 4500
003 BD-DhJNU
005 20250831051520.0
008 250501s1946 ii a b 001 0 eng
040 _aBD-DhJNU
_bENG
_cBD-DhJNU
_dBD-DhJNU
082 0 0 _a942 WIE
_223
100 1 _aWilliamson, James A.
245 1 0 _aThe evolution of England :
_ba commentary on the facts /
_cJames A. Williamson
250 _a2nd ed.
260 _aNew York :
_bOxford University Press,
_c1946.
300 _axii, 493 p. :
_bill. ;
_c20 cm.
504 _aIncludes index.
650 0 _aGreat Britain History
942 _cBK
999 _c2051
_d2051